01900 a2200301 45000010006000000050017000060080041000230030015000640400040000790800054001192450106001730200022002792640106003013000025004075050747004321000025011797000026012047000022012307000031012527000024012837000038013077000027013457000029013727000019014017000017014207000020014378560141014572450920260407155529.0260407a2013 arg spa dAR-UNSa-BCEJYS aAR-UNSa-BCEJYSbspacAR-UNSa-BCEJYS a349.6xDerecho de protección del medio ambiente10aLa contaminación fluvial en el derecho internacionalpCasos recientes en la práctica Sudamericana a978-987-03-2497-3 1aBuenos Aires :bUniversidad de Buenos Aires. Facultad de Derecho. Departamento de Publicacionesc2013 axxiv, 233 p.c24 cm. a1. La protección ambiental internacional y el agua: estado del debate - 2. Conflictos en materia de aguas compartidas - 3- La contaminación transfronteriza de cursos acuáticos: la regulación entre Venezuela y Colombia contra derrames de petróleo - 4. Normas aplicables a la cuenca Matanza-Riachuelo - 5. Sistema internacional de responsabilidad civil e indemnización de daños causados por contaminación por derrames de hidrocarburos transportados en buques tanque - 6. Prevención de la contaminación del medio marino desde fuentes terrestres - 7. Las obligaciones procedimentales en el caso de las plantas de celulosa sobre el Río Uruguay - 8. Lecciones que nos dejó la decisión de la corte internacional de justicia1 aDel Castillo, Lilian1 aGasol Varela, Claudia1 aCapaldo, Griselda1 aGonzález Lapeyre, Edison1 aMantecón, Cecilia1 aGonzález Napolitano, Silvina S.1 aRovere, Marta Brunilda1 aSainz Borgo, Juan Carlos1 aValls, Claudia1 aValls, Mario1 aVega, Alejandro41uhttps://biblioeco.unsa.edu.ar/pmb/images/libros/La Contaminaci?n fluvial den el Derecho Internacional.jpgyImagen de portadaqimage/jpeg